Le développement du catholicisme social depuis l'Éncyclique "Rerum novarum (15 mai 1891)" (Record no. 166728)

MARC details
000 -LEADER
campo de control de longitud fija 00934nam a2200217 i 4500
001 - NÚMERO DE CONTROL
campo de control 166728
003 - IDENTIFICADOR DE NÚMERO DE CONTROL
campo de control ES-MaACL
005 - FECHA Y HORA DE LA ÚLTIMA TRANSACCIÓN
campo de control 20250727034612.0
008 - DATOS DE LONGITUD FIJA--INFORMACIÓN GENERAL
campo de control de longitud fija 010725s1900 fr |||| | fre d
040 ## - FUENTE DE CATALOGACIÓN
Centro catalogador/agencia de origen CCPB | B
Lengua de catalogación spa
Centro/agencia transcriptor CCPB | B
080 ## - NÚMERO DE LA CLASIFICACIÓN DECIMAL UNIVERSAL
Número de la Clasificación Decimal Universal 272:364.61
100 1# - ENTRADA PRINCIPAL--NOMBRE DE PERSONA
Nombre de persona Turmann, Max.
9 (RLIN) 111715
245 13 - MENCIÓN DEL TÍTULO
Título Le développement du catholicisme social depuis l'Éncyclique "Rerum novarum (15 mai 1891)"
Resto del título : idées directrices et caractères généraux /
Mención de responsabilidad, etc. par Max Turmann.
260 ## - PUBLICACIÓN, DISTRIBUCIÓN, ETC.
Lugar de publicación, distribución, etc. Paris :
Nombre del editor, distribuidor, etc. Félix Alcan, éditeur, ancienne Librairie Germen Baillière et Cie.,
Fecha de publicación, distribución, etc. 1900 (
Fabricante Typ. Chamerot et Renouard)
300 ## - DESCRIPCIÓN FÍSICA
Extensión III, 334 p. ;
Dimensiones 22 cm.
490 1# - MENCIÓN DE SERIE
Mención de serie Bibliothèque générale des sciences sociales ;
Designación de volumen o secuencia 8
650 #7 - PUNTO DE ACCESO ADICIONAL DE MATERIA--TÉRMINO DE MATERIA
Término de materia o nombre geográfico como elemento de entrada Iglesia y problemas sociales
Fuente del encabezamiento o término embne
9 (RLIN) 13569
830 00 - PUNTO DE ACCESO ADICIONAL DE SERIE-TÍTULO UNIFORME
Título uniforme Bibliothèque générale des sciences sociales
Designación de volumen o secuencia 8
9 (RLIN) 187778
852 ## - LOCALIZACIÓN
Ubicación ES-MaACL
Número de control de estantería C-23088
Nota libre - Enc. ed. en tela
Holdings
Estatus retirado Estado de pérdida Estado de daño No para préstamo Colección Biblioteca de origen Biblioteca actual Ubicación en estantería Fecha de adquisición Fuente de adquisición Total de préstamos Signatura topográfica completa Código de barras Visto por última vez Precio de reemplazo Tipo de ítem Koha
        Libros del s. XIX Biblioteca del Ateneo de Madrid Biblioteca del Ateneo de Madrid Depósito 2 17/01/2008     C-23088 1174861 23/02/2023 23/02/2023 Libro impreso antiguo